• 首页
  • 本馆介绍
  • 公告通知
  • 最新文献
  • 馆藏检索
  • 电子资源
  • 读者导购
  • 参考咨询
  • 我的图书馆
  • 登录
  • 详细信息显示
  • 放入我的书架
  • 预约/预借图书
  • 作者相关作品
  • 分类相关作品
  • 丛书相关作品
  • 出版社相关作品

书目信息

  • 表格格式
  • 工作单格式
  • 卡片格式
书名: 俄语缩略词辞典
作者: 阿列克谢耶夫著.
分册号:
分册名:
出版地: 莫斯科 :
 
出版社: 俄语语言出版社
出版时间: 1977.
页数: 414 p. ;
开本: 20cm.
丛书名:
中图分类号:
科图分类号:
其他分类号: H313.6-61
主题词:
电子资源:
000 00430nam 2200169 a 4500
001 E0737813927
005 20070731103512.56
008 070731s1977 00010 eng
040    @aPFT@bchi
041    @achi@hrus
090    @aH313.6-61
099    @dH313.6-61@ex87=2
245 1  @a俄语缩略词辞典 / @c阿列克谢耶夫著.
250    @a2版.
260    @a莫斯科 :@b俄语语言出版社,@c1977.
300    @a414 p. ;@c20cm.
650    @a俄语@x辞典@x缩略词
    
    俄语缩略词辞典 / / 阿列克谢耶夫著.-2版.-莫斯科 : : 俄语语言出版社, , 1977.
    414 p. ; ; 20cm.
    
    
    ISBN
    
●
相关链接 在E读中查询图书 在五车中查询图书 在当当中查询图书 在豆瓣中查询图书


正题名:俄语缩略词辞典     索取号:H313.6-61/x87=2         预约/预借

序号 登录号 条形码 馆藏地/架位号 状态 备注
1 14830   300148301   第二样本阅览室/ [索取号:H313.6-61/x87=2] 在馆    
唐山师范学院图书馆 欢迎您!
大连网信软件有限公司© 版权所有